000
00285nam a2200121Ia 4500
008
210312s9999||||xx |||||||||||||| ||und||
041
_a
osm
050
_a
PL189
050
_b
N33
100
_a
Muallim Naci
245
0
_a
Lügat-ı Naci
650
_a
Dil--Türkçe--Sözlükler--Osmanlıca
999
_c
21974
_d
21974